000 00658nam a2200277Ia 4500
005 20260324143205.0
008 008 260324s9999 xx 000 0 eng d
020 _a9780429478574
037 _aEBOOK
040 _aCRL
040 _beng
040 _cCRL
041 _2eng
041 _aeng
084 _qCRL
100 _aThomas Ogden
_91197270
245 0 _aProjective Identification and Psychotherapeutic Technique
260 _bTaylor and Francis
260 _c1992
365 _a
365 _b220
856 _uhttp://www.taylorfrancis.com/books/9780429478574
942 _cEBOOK
999 _c1819825
_d1819825